000
00258nam a22001217a 4500
008
170309b xxu||||| |||| 00| 0 eng d
041
_a
eng
080
_2
10 ED
_a
SHM
100
_a
6
101
_a
SHM
245
_a
HUMAN PHYSIOLOGY
_c
FOX.S.I
942
_2
udc
_c
BK
999
_c
7324
_d
7324